000 00639nam a2200181Ia 4500
005 20250923145127.0
008 008 250917s9999 xx 000 0 eng d
037 _aTextual
040 _aDSWL
_beng
_cDSWL
041 _aeng
_2eng
084 _aX8(M97):9796.275'N67t4, N68
_qDSWL
100 _aMajumdar, Subrata
_9832030
245 0 _aStudy of the workings of works committee in Bata oe Co. Pvt. Ltd. 24, Pargana West Bengal
_cby Subrata Majumdar
260 _aDelhi
_bSchool of Social Work
_c1968
300 _a112 p.
942 _cTEXL
_hX8(M97):9796.275'N67t4, N68
999 _c1447473
_d1447473